LEADER 01115nam1 2200325 450 001 000034041 005 20130426125341.0 100 $a20121214d2007----km-y0itaa50------ba 101 0 $alat$aita 102 $aIT 200 1 $aOpere Politiche e filosofiche$fdi M. Tullio Cicerone 210 $aTorino$cUnione Tipografico-Editrice Torinese$d2007 215 $aVolumi$cill.$d24 cm 225 2 $aClassici latini$v3 410 0$12001$aClassici latini$v3 463 \1$1001000034042$12001 $aDe Natura deorum$aDe senectute$aDe amicitia 676 $a188$v(22. ed.)$9Filosofia stoica 700 1$aCicero,$bMarcus Tullius$082411 801 0$aIT$bUniversità della Basilicata - B.I.A.$gREICAT$2unimarc 912 $a000034041 996 $aOpere Politiche e filosofiche$996542 997 $aUNIBAS BAS $aLETTERE CAT $aSTD081$b01$c20121214$lBAS01$h1016 CAT $aSTD081$b01$c20121214$lBAS01$h1018 CAT $aSTD081$b01$c20121214$lBAS01$h1025 CAT $aEXT014$b01$c20130426$lBAS01$h1117 CAT $aEXT014$b01$c20130426$lBAS01$h1201 CAT $aEXT014$b01$c20130426$lBAS01$h1253 FMT